| 000 | 00469nam a2200169 a 4500 | ||
|---|---|---|---|
| 001 | 4111 | ||
| 005 | 20140414132113.0 | ||
| 008 | 090202s19uu xx 00 eng d | ||
| 020 | _a0-590-97546-3 | ||
| 050 |
_aTR _bNa16 1996 |
||
| 100 | _aWood, Audrey | ||
| 245 |
_aThe Napping house / _cAudrey Wood ; illustrated by Don Wood. |
||
| 260 |
_aNew York : _bScholastic, _cc1996. |
||
| 300 | _a1 v. (unpaged) : col., ill. ; | ||
| 700 | _aWood, Don, ill. | ||
| 999 |
_c114819 _d114819 |
||